000 00245nam a22001097a 4500
082 _a823
_bORI/A
100 _aORIENT LONGMAN
245 _aARITHMETIC
260 _aHYDERABAD
_bORIENT LONGMAN
_c1992
650 _aPASSAGE LEAFLETS
_zINDIA
942 _cBK
999 _c4434
_d4434